| 000 | nam a22 7a 4500 | ||
|---|---|---|---|
| 999 |
_c126786 _d126786 |
||
| 008 | 170825b xxu||||| |||| 00| 0 eng d | ||
| 050 | _aBT732.4.H434 | ||
| 245 |
_aHealth and Healing _bThe report of the Makumira consultation on the healing ministry of the church _c/ Evangelical Luthern Church in Tanzania |
||
| 260 |
_aArusha, Tanzania _bMedical board of the Evangelical Luthern Church in Tanzania _c1967 |
||
| 300 |
_a124p. ; _c22cm. |
||
| 650 |
_aHealing _928884 |
||
| 710 |
_aEvangelical Luthern Church in Tanzania _935305 |
||
| 942 |
_2lcc _cMONOGRAPH |
||